000 00208nam a2200109Ia 4500
100 _a#N/A
942 _cBK
654 _arf circuit design
245 _aRF Circuit Design
260 _b#N/A
546 _aENGLISH
999 _c28966
_d28966